Statistics for Fast typing colors

Click here to take the quiz!

General Stats

  • This quiz has been taken 75 times
  • The average score is 16 of 20

Answer Stats

HintAnswer% Correct
redred
100%
blueblue
93%
greengreen
93%
orangeorange
93%
yellowyellow
93%
blackblack
90%
indigoindigo
90%
pinkpink
90%
purplepurple
87%
violetviolet
87%
whitewhite
87%
brownbrown
83%
greygrey
80%
beigebeige
77%
tealteal
73%
maroonmaroon
70%
daffodildaffodil
57%
lilaclilac
50%
magentamagenta
43%
turquoiseturquoise
37%

Score Distribution

Percentile by Number Answered

Percent of People with Each Score

Your Score History

You have not taken this quiz